Architectural drawing : (Record no. 352140)
[ view plain ]
| 000 -LEADER | |
|---|---|
| fixed length control field | 01671 a2200325 4500 |
| 003 - CONTROL NUMBER IDENTIFIER | |
| control field | OSt |
| 005 - DATE AND TIME OF LATEST TRANSACTION | |
| control field | 20180116192324.0 |
| 008 - FIXED-LENGTH DATA ELEMENTS--GENERAL INFORMATION | |
| fixed length control field | 120207t xxu||||| |||| 00| 0 eng d |
| 010 ## - LIBRARY OF CONGRESS CONTROL NUMBER | |
| LC control number | 2007001695 |
| 020 ## - INTERNATIONAL STANDARD BOOK NUMBER | |
| International Standard Book Number | 9780471793663 (pbk.) |
| 020 ## - INTERNATIONAL STANDARD BOOK NUMBER | |
| International Standard Book Number | 0471793663 (pbk.) |
| 035 ## - SYSTEM CONTROL NUMBER | |
| System control number | (OCoLC)79256752 |
| 035 ## - SYSTEM CONTROL NUMBER | |
| System control number | (OCoLC)ocm79256752 |
| 040 ## - CATALOGING SOURCE | |
| Transcribing agency | 0 |
| 082 00 - DEWEY DECIMAL CLASSIFICATION NUMBER | |
| Classification number | 720.284 |
| 100 1# - MAIN ENTRY--PERSONAL NAME | |
| Personal name | Yee, Rendow. |
| 9 (RLIN) | 4319 |
| 245 10 - TITLE STATEMENT | |
| Title | Architectural drawing : |
| Remainder of title | a visual compendium of types and methods / |
| Statement of responsibility, etc. | Rendow Yee. |
| 250 ## - EDITION STATEMENT | |
| Edition statement | 3rd ed. |
| 260 ## - PUBLICATION, DISTRIBUTION, ETC. | |
| Place of publication, distribution, etc. | Hoboken : |
| Name of publisher, distributor, etc. | Wiley, |
| Date of publication, distribution, etc. | c2007. |
| 300 ## - PHYSICAL DESCRIPTION | |
| Extent | xvi, 672 p. : |
| Other physical details | ill. ; |
| Dimensions | 28 cm. |
| 505 0# - FORMATTED CONTENTS NOTE | |
| Formatted contents note | 1. Tool fundamentals -- 2. Lettering, typography, and line types -- 3. Representational sketching -- 4. Conventional orthogonal terminology -- 5. Orthographic and paraline drawings -- 6. Linear perspective drawing -- 7. Light, shade, and shadow -- 8. Delineating and rendering entourage -- 9. Diagramming and conceptual sketching -- 10. Presentation formats -- Epilogue -- Drawing exercises. |
| 650 #0 - SUBJECT ADDED ENTRY--TOPICAL TERM | |
| Topical term or geographic name entry element | Architectural drawing |
| General subdivision | Technique. |
| 9 (RLIN) | 4320 |
| 856 41 - ELECTRONIC LOCATION AND ACCESS | |
| Materials specified | Table of contents only |
| Uniform Resource Identifier | <a href="http://www.loc.gov/catdir/toc/ecip078/2007001695.html">http://www.loc.gov/catdir/toc/ecip078/2007001695.html</a> |
| 856 41 - ELECTRONIC LOCATION AND ACCESS | |
| Materials specified | Contributor biographical information |
| Uniform Resource Identifier | <a href="http://www.loc.gov/catdir/enhancements/fy0826/2007001695-b.html">http://www.loc.gov/catdir/enhancements/fy0826/2007001695-b.html</a> |
| 856 41 - ELECTRONIC LOCATION AND ACCESS | |
| Materials specified | Publisher description |
| Uniform Resource Identifier | <a href="http://www.loc.gov/catdir/enhancements/fy0826/2007001695-d.html">http://www.loc.gov/catdir/enhancements/fy0826/2007001695-d.html</a> |
| 942 ## - ADDED ENTRY ELEMENTS (KOHA) | |
| Institution code [OBSOLETE] | SADA |
| Koha item type | Book |
| Call number prefix | 720.284 YEE 2007 |
| Source of classification or shelving scheme | |
| Withdrawn status | Lost status | Source of classification or shelving scheme | Damaged status | Not for loan | Permanent Location | Current Location | Date acquired | Total Checkouts | Full call number | Barcode | Date last seen | Date last checked out | Copy number | Cost, replacement price | Price effective from | Koha item type | Total Renewals |
|---|---|---|---|---|---|---|---|---|---|---|---|---|---|---|---|---|---|
| School of Art Design and Architecture (SADA) | School of Art Design and Architecture (SADA) | 08/30/2010 | 4 | 720.284 YEE 2007 | SADA0000055 | 03/26/2015 | 03/10/2015 | 03 | 0.00 | 08/05/2011 | Book | ||||||
| School of Art Design and Architecture (SADA) | School of Art Design and Architecture (SADA) | 08/30/2010 | 6 | 720.284 YEE 2007 | SADA0000054 | 03/22/2016 | 03/21/2016 | 02 | 0.00 | 08/05/2011 | Book | 1 | |||||
| School of Art Design and Architecture (SADA) | School of Art Design and Architecture (SADA) | 06/11/2010 | 7 | 720.284 YEE 2007 | SADA0000002 | 10/21/2024 | 10/01/2024 | 01 | 5912.00 | 08/05/2011 | Book | 3 | |||||
| School of Art Design and Architecture (SADA) | School of Art Design and Architecture (SADA) | 06/06/2011 | 7 | 720.284 YEE 2007 | SADA0001244 | 04/11/2013 | 04/02/2013 | 05 | 5261.00 | 08/05/2011 | Book | 2 | |||||
| School of Art Design and Architecture (SADA) | School of Art Design and Architecture (SADA) | 06/06/2011 | 15 | 720.284 YEE 2007 | SADA0001243 | 06/09/2015 | 05/28/2015 | 04 | 5261.00 | 08/05/2011 | Book | 6 | |||||
| School of Art Design and Architecture (SADA) | School of Art Design and Architecture (SADA) | 06/06/2011 | 7 | 720.284 YEE 2007 | SADA0001245 | 11/07/2012 | 10/25/2012 | 06 | 5261.00 | 08/05/2011 | Book | ||||||
| School of Art Design and Architecture (SADA) | School of Art Design and Architecture (SADA) | 06/06/2011 | 9 | 720.284 YEE 2007 | SADA0001246 | 12/14/2012 | 11/08/2012 | 07 | 5261.00 | 08/05/2011 | Book | 6 |
